[Event "Druzynowe Mistrzostwa Polski Juniorow - I Liga 2023"]
[Site "Lublin"]
[Date "1899-12-30"]
[Round "2.42"]
[White "Siekanska, Zofia"]
[Black "Kicinska, Anna"]
[Result "0-1"]
[WhiteTitle "II"]
[BlackTitle "I++"]
[WhiteElo "1081"]
[BlackElo "1424"]

1. e4 g6 2. Nf3 Bg7 3. Nc3 d6 4. d4 e6 5. Be3 Nd7 6. Bd3 Ne7 7. O-O b6 8. Qd2 h6
9. Rfe1 Bb7 10. Rad1 a6 11. d5 e5 12. Kh1 Nc5 13. Be2 f5 14. Bxc5 bxc5 15. Bd3
f4 16. Ng1 g5 17. f3 h5 18. Qe2 Ng6 19. a3 Bc8 20. Qf2 g4 21. fxg4 hxg4 22. h3
Qg5 23. Nge2 gxh3 24. Kg1 Nh4 25. Kh2 hxg2 26. Kg1 Qh5 0-1

[Event "Druzynowe Mistrzostwa Polski Juniorow - I Liga 2023"]
[Site "Lublin"]
[Date "1899-12-30"]
[Round "2.43"]
[White "Kozlowski, Franciszek"]
[Black "Borowik, Wojciech"]
[Result "1-0"]
[WhiteTitle "I+"]
[BlackTitle "I++"]
[WhiteElo "1900"]
[BlackElo "1823"]

1. c4 Nf6 2. Nc3 c5 3. Nf3 Nc6 4. d4 cxd4 5. Nxd4 g6 6. e4 Nxd4 7. Qxd4 d6 8. Be2
Bg7 9. Be3 O-O 10. Qd2 Be6 11. O-O Qa5 12. Rac1 Rfc8 13. b3 a6 14. f4 b5 15. f5
Bd7 16. fxg6 hxg6 17. c5 dxc5 18. e5 Ng4 19. Nd5 Qxd2 20. Bxd2 Re8 21. h3 Nxe5
22. Nc7 Rac8 23. Nxe8 Bxe8 24. Bc3 f5 25. Rfe1 Rd8 26. Bxb5 Bxb5 27. Bxe5 Bh6
28. Rxc5 Rd2 29. Rc8+ Kf7 30. Rh8 Bf8 31. Rc1 Bd7 32. Rc7 Be6 33. a4 Re2 34. Bc3
f4 35. b4 Rc2 36. Rxf8+ Kxf8 37. Bg7+ Kxg7 38. Rxc2 Bd7 39. b5 axb5 40. a5 Bf5
41. Rb2 Bc8 42. Rxb5 Kf6 43. a6 Bxa6 44. Rb6+ Kf5 45. Rxa6 e5 46. Kf2 g5 47. Ra4
g4 48. hxg4+ Kxg4 49. Re4 Kf5 50. Kf3 Ke6 51. g3 fxg3 52. Kxg3 Kf5 53. Kf3 Ke6
54. Ke3 Kd5 55. Rh4 Ke6 56. Ke4 1-0

[Event "Druzynowe Mistrzostwa Polski Juniorow - I Liga 2023"]
[Site "Lublin"]
[Date "1899-12-30"]
[Round "2.44"]
[White "Borowik, Karol"]
[Black "Duda, Szymon"]
[Result "1-0"]
[WhiteTitle "II"]
[BlackTitle "I+"]
[WhiteElo "1597"]
[BlackElo "1928"]

1. d4 Nf6 2. Nf3 e6 3. c4 b6 4. Bf4 Bb7 5. e3 Be7 6. Nc3 O-O 7. h3 d5 8. cxd5 exd5
9. Bd3 a6 10. O-O Nbd7 11. Qe2 Re8 12. Rac1 Bd6 13. Bxd6 cxd6 14. a4 Ne4 15. Rc2
f5 16. Rfc1 Ndf6 17. Nd2 Re7 18. Bxe4 dxe4 19. Nc4 g5 20. a5 bxa5 21. Ra1 Bc6
22. Nxa5 Be8 23. d5 Rc7 24. Nb3 Bh5 25. Qd2 Nd7 26. Nd4 Qf6 27. Nxe4 fxe4 28.
Rxc7 Nc5 29. b4 Nd3 30. b5 Rf8 31. bxa6 Nxf2 32. a7 Nd1 33. a8=Q Qf1+ 34. Kh2
g4 35. Qxf8+ Qxf8 36. Rxd1 g3+ 37. Kh1 Bg4 38. Rdc1 Qh6 39. Kg1 Bxh3 40. gxh3
Qxh3 41. Qg2 1-0

[Event "Druzynowe Mistrzostwa Polski Juniorow - I Liga 2023"]
[Site "Lublin"]
[Date "1899-12-30"]
[Round "2.45"]
[White "Lapczynski, Jacek"]
[Black "Jaszczuk, Piotr"]
[Result "0-1"]
[WhiteTitle "II"]
[BlackTitle "II"]
[WhiteElo "1222"]
[BlackElo "1619"]

1. d4 Nf6 2. c4 g6 3. f3 Bg7 4. e4 d6 5. Nc3 Nbd7 6. Bg5 h6 7. Be3 c6 8. Bd3 a6
9. a4 c5 10. d5 Qb6 11. Nge2 g5 12. a5 Qc7 13. h3 b6 14. axb6 Qxb6 15. Na4 Qb7
16. O-O Ne5 17. Rb1 a5 18. b3 Rb8 19. f4 gxf4 20. Bxf4 Nh5 21. Bh2 Bf6 22. Nf4
Nxf4 23. Bxf4 h5 24. Be2 Bd7 25. Bd2 Qc8 26. Kh2 Qd8 27. Qe1 Ra8 28. Qd1 h4 29.
Bf4 Rb8 30. Bxe5 Bxe5+ 31. Kh1 Qc8 32. Rf3 Rg8 33. Nc3 Rg3 34. Qd3 Bxh3 35. Rxg3
hxg3 36. Bh5 Bg4 37. Bxg4 Qxg4 38. Kg1 Bd4+ 39. Kf1 Qf4+ 0-1

[Event "Druzynowe Mistrzostwa Polski Juniorow - I Liga 2023"]
[Site "Lublin"]
[Date "1899-12-30"]
[Round "2.46"]
[White "Toczylowski, Mateusz"]
[Black "Chmiel, Krzysztof"]
[Result "0-1"]
[WhiteTitle "II"]
[BlackTitle "II"]
[WhiteElo "1140"]
[BlackElo "1298"]

1. e4 e5 2. Nf3 Nf6 3. Nxe5 d6 4. Nf3 Nxe4 5. Bc4 d5 6. Bb3 Nc5 7. O-O Nxb3 8.
axb3 Be7 9. d4 O-O 10. Nc3 c6 11. Re1 Bb4 12. Bg5 f6 13. Bh4 Bg4 14. h3 Bxf3 15.
Qxf3 Nd7 16. Re3 Re8 17. Rae1 Rxe3 18. Rxe3 Nf8 19. Ne2 Ng6 20. Qg3 Qd7 21. Nf4
Nxf4 22. c3 Bd6 23. Qf3 Ng6 24. Bg3 Bxg3 25. Qxg3 a6 26. Qf3 Re8 27. c4 Rxe3 28.
Qxe3 dxc4 29. bxc4 Qe7 30. Qg3 c5 31. dxc5 Qe1+ 32. Kh2 Qe5 33. b4 Qxg3+ 34. Kxg3
Ne5 35. b5 Nxc4 36. b6 Na5 37. Kf4 Kf7 38. Ke4 Ke6 39. Kd4 Nc6+ 40. Ke4 a5 41.
Kd3 Kd5 42. Kc3 Kxc5 43. Kb3 Kxb6 44. Ka4 Ka6 45. f4 b5+ 46. Kb3 a4+ 47. Ka3 Ka5
48. g4 b4+ 49. Kb2 a3+ 50. Kb3 Nd4+ 51. Ka2 Ka4 52. h4 b3+ 53. Kb1 Kb4 54. g5
Kc3 55. Ka1 a2 56. gxf6 Nc2# 0-1

[Event "Druzynowe Mistrzostwa Polski Juniorow - I Liga 2023"]
[Site "Lublin"]
[Date "1899-12-30"]
[Round "2.47"]
[White "Slusarczyk, Anna"]
[Black "Arciszewska, Zuzanna"]
[Result "0-1"]
[WhiteTitle "I++"]
[BlackTitle "I++"]
[WhiteElo "1735"]
[BlackElo "1726"]

1. d4 Nf6 2. Nf3 e6 3. c4 b6 4. a3 Bb7 5. Nc3 d5 6. cxd5 exd5 7. Bf4 Bd6 8. Ne5
a6 9. e3 O-O 10. Be2 Nbd7 11. O-O Re8 12. Nd3 Nf8 13. Bf3 Ne4 14. Qc2 Ne6 15.
Bxd6 Qxd6 16. Nb4 Nf6 17. Rfd1 Rad8 18. Rac1 c6 19. Na4 a5 20. Nd3 Nd7 21. Bg4
Rb8 22. Qc3 Ba6 23. Ne5 Nxe5 24. dxe5 Qd7 25. b3 Qe7 26. Qxc6 Qxa3 27. Nxb6 Qb4
28. Bf3 Qxb6 29. Qxd5 Bb7 30. Qc4 Bxf3 31. gxf3 Qxb3 32. Qg4 Rbd8 33. Rf1 a4 34.
Rb1 Qd5 35. Qxa4 Qxf3 36. h4 Nc5 37. Qa5 Qg4+ 38. Kh1 Qxh4+ 39. Kg2 Qg5+ 40. Kh1
Qxe5 41. Rb4 Qh5+ 42. Kg2 Qg4+ 43. Kh2 Rd6 44. Rb6 Qh5+ 45. Kg2 Qg6+ 0-1

[Event "Druzynowe Mistrzostwa Polski Juniorow - I Liga 2023"]
[Site "Lublin"]
[Date "1899-12-30"]
[Round "2.48"]
[White "Borowik, Monika"]
[Black "Slusarczyk, Agnieszka"]
[Result "1-0"]
[WhiteTitle "I"]
[BlackTitle "I"]
[WhiteElo "1408"]
[BlackElo "1400"]

1. d4 Nf6 2. c4 e6 3. Nf3 d5 4. e3 c6 5. Nc3 Nbd7 6. Bd3 dxc4 7. Bxc4 b5 8. Bd3
Bb7 9. O-O a6 10. Qe2 Qc7 11. Bd2 c5 12. Rac1 c4 13. Bb1 Bd6 14. e4 Ng4 15. e5
Be7 16. h3 Nh6 17. Ne4 Qb6 18. Ng3 Rc8 19. Nh5 Bf8 20. Be3 Qc6 21. Ng3 Qd5 22.
Be4 Qxe4 23. Nxe4 Bxe4 24. Bxh6 Bxf3 25. Qxf3 gxh6 26. Qb7 Rb8 27. Qxa6 Rg8 28.
Qc6 Kd8 29. b3 Be7 30. bxc4 bxc4 31. Rxc4 f5 32. Qxe6 Rg6 33. Qxf5 Ke8 34. Rfc1
Kd8 35. Rc7 Nb6 36. Qf7 Bb4 37. e6 Rxe6 38. Qxe6 Bf8 39. Qf7 Bd6 40. Qg8+ Bf8
41. Qxf8# 1-0

[Event "Druzynowe Mistrzostwa Polski Juniorow - I Liga 2023"]
[Site "Lublin"]
[Date "1899-12-30"]
[Round "2.49"]
[White "Anyz, Monika"]
[Black "Wnek, Filip"]
[Result "0-1"]
[WhiteTitle "I++"]
[BlackTitle "I++"]
[WhiteElo "1652"]
[BlackElo "2057"]

1. e4 c5 2. Nf3 d6 3. d4 cxd4 4. Nxd4 Nf6 5. Nc3 a6 6. Nb3 e6 7. Bd3 b5 8. a3 Be7
9. O-O O-O 10. f4 Bb7 11. Qf3 Nbd7 12. Qh3 e5 13. f5 Nc5 14. Nxc5 dxc5 15. g4
c4 16. g5 Ne8 17. g6 fxg6 18. fxg6 Qb6+ 19. Kh1 Rxf1+ 20. Bxf1 Qxg6 21. Bg2 Nd6
22. Qg3 Qe6 23. Be3 Rf8 24. Bh3 Qf6 25. Rf1 Nxe4 26. Nxe4 Bxe4+ 27. Kg1 Qg6 28.
Qxg6 Rxf1+ 29. Kxf1 Bxg6 30. c3 Be8 31. Bc8 a5 32. Bb6 a4 33. Ke2 Kf7 34. Kf3
Bc6+ 35. Kg4 g6 36. Bc7 Kf6 37. h4 Bd5 38. Ba6 Bc6 39. Bc8 h6 40. h5 g5 41. Bb6
Bd5 42. Ba6 Be6+ 43. Kg3 Bd7 44. Bb7 Kf5 45. Bf3 Be8 46. Bc7 Bc5 47. Bg4+ Ke4
48. Bf3+ Kd3 49. Bxe5 Bf8 50. Kf2 Kc2 51. Ke2 Kxb2 52. Kd2 Kxa3 53. Kc2 Ka2 54.
Bd4 a3 55. Be3 Bd7 56. Be4 Bd6 57. Bd2 Bf4 58. Be1 g4 59. Bf2 g3 60. Bg1 Bg4 0-1

[Event "Druzynowe Mistrzostwa Polski Juniorow - I Liga 2023"]
[Site "Lublin"]
[Date "1899-12-30"]
[Round "2.50"]
[White "Rainer, Piotr"]
[Black "Rzenca, Jerzy"]
[Result "1/2-1/2"]
[WhiteTitle "I"]
[BlackTitle "I"]
[WhiteElo "1727"]
[BlackElo "1710"]

1. e4 c6 2. d4 d5 3. Nc3 dxe4 4. Nxe4 Bf5 5. Ng3 Bg6 6. h4 h6 7. Nf3 Nd7 8. h5
Bh7 9. Bd3 Bxd3 10. Qxd3 e6 11. Bd2 Ngf6 12. O-O-O Be7 13. Kb1 Qb6 14. Ne4 Nxe4
15. Qxe4 Nf6 16. Qe2 Qb5 17. c4 Qf5+ 18. Ka1 Qe4 19. Be3 Ng4 20. Nd2 Qf5 21. f3
Nxe3 22. Qxe3 Bg5 23. Qb3 O-O 24. Ne4 b6 25. Ng3 Qf4 26. Ne2 Qc7 27. g3 a5 28.
f4 a4 29. Qe3 Bf6 30. g4 a3 31. b3 c5 32. g5 hxg5 33. fxg5 Bxd4+ 34. Nxd4 cxd4
35. Rxd4 Rfd8 36. Rhd1 Rxd4 1/2-1/2

[Event "Druzynowe Mistrzostwa Polski Juniorow - I Liga 2023"]
[Site "Lublin"]
[Date "1899-12-30"]
[Round "2.51"]
[White "Morozov, Artem"]
[Black "Micula, Jakub"]
[Result "0-1"]
[WhiteTitle "II+"]
[BlackTitle "I"]
[WhiteElo "1370"]
[BlackElo "1666"]

1. d4 Nf6 2. Bf4 g6 3. Nf3 Bg7 4. e3 O-O 5. Be2 d6 6. h3 b6 7. c4 Bb7 8. O-O Nbd7
9. Nc3 Ne4 10. Nxe4 Bxe4 11. Nd2 Bb7 12. Bf3 Bxf3 13. Nxf3 Qe8 14. Re1 e5 15.
Bh2 e4 16. Nd2 f5 17. f3 Nf6 18. fxe4 Nxe4 19. Nxe4 Qxe4 20. Rc1 Bh6 21. Qf3 Rae8
22. Bf4 Qxf3 23. gxf3 Bxf4 24. exf4 Kf7 25. d5 Re7 26. Rxe7+ Kxe7 27. b4 Kd7 28.
b5 a6 29. a4 Ra8 30. Kf2 axb5 31. axb5 Ra3 32. Rc2 Ke7 33. Rc1 Kf6 34. h4 Ra2+
35. Kg3 Re2 36. Rc3 Kg7 37. Rc1 Kh6 38. Rc3 Kh5 39. Rc1 h6 40. Kh3 Rd2 41. Kg3
Rd3 42. Kg2 Rd2+ 43. Kg3 Rd4 44. Rc3 Rd1 45. Ra3 Rc1 46. Ra4 Rc3 47. Rb4 g5 48.
hxg5 hxg5 49. fxg5 Kxg5 50. Ra4 f4+ 51. Kg2 Kf5 52. Kf2 Ke5 53. Ke2 Kd4 54. c5+
Rc4 55. cxb6 cxb6 56. Ra6 Kc5 57. Ra8 Rd4 58. Rd8 Rxd5 59. Rf8 Rd4 60. Rf5+ d5
0-1

[Event "Druzynowe Mistrzostwa Polski Juniorow - I Liga 2023"]
[Site "Lublin"]
[Date "1899-12-30"]
[Round "2.52"]
[White "Kozak, Karol"]
[Black "Koziel, Leon"]
[Result "1-0"]
[WhiteTitle "I"]
[BlackTitle "III"]
[WhiteElo "1492"]
[BlackElo "1008"]

1. e4 e5 2. Nf3 Nc6 3. d4 exd4 4. Bc4 h6 5. Nxd4 Bc5 6. Nxc6 Qf6 7. O-O Qxc6 8.
Bd5 Qg6 9. Be3 Bxe3 10. fxe3 Nf6 11. Nc3 O-O 12. e5 Ng4 13. Qd4 d6 14. exd6 cxd6
15. Nb5 Bd7 16. Nxd6 Be6 17. Bxe6 Qxe6 18. Nf5 Ne5 19. Rad1 Rad8 20. Qe4 Rxd1
21. Rxd1 b6 22. Rd6 Qe8 23. Rd5 Ng6 24. Qd4 f6 25. Rd7 Qe6 26. Rxg7+ Kh8 27. Qd7
Qxd7 28. Rxd7 Ne5 29. Rxa7 Rd8 30. Nxh6 Rd2 31. Nf7+ Kg8 32. Nxe5 fxe5 33. Rb7
Re2 34. Rxb6 Rxe3 35. Kf2 Re4 36. g3 Kf7 37. b3 Rd4 38. Ke3 Rd1 39. a4 Re1+ 40.
Kd2 Re4 41. c4 Rd4+ 42. Ke3 Rd1 43. a5 Re1+ 44. Kd2 Re4 45. a6 Rd4+ 46. Ke3 Rd1
47. c5 Re1+ 48. Kd2 Re4 49. a7 1-0

[Event "Druzynowe Mistrzostwa Polski Juniorow - I Liga 2023"]
[Site "Lublin"]
[Date "1899-12-30"]
[Round "2.53"]
[White "Giemza, Julia"]
[Black "Gaczol, Julia"]
[Result "1/2-1/2"]
[WhiteTitle "I+"]
[BlackTitle "I+"]
[WhiteElo "1577"]
[BlackElo "1388"]

1. e4 c5 2. Nf3 d6 3. Bb5+ Bd7 4. Bxd7+ Qxd7 5. O-O Nc6 6. c3 g6 7. d4 cxd4 8.
cxd4 Bg7 9. Nc3 e6 10. Re1 Nge7 11. a3 a6 12. Qd3 O-O 13. Be3 Rac8 14. Rac1 Na5
15. Nd2 b5 16. Ne2 Rxc1 17. Rxc1 Rc8 18. Rc3 Rc6 19. b4 Nb7 20. Nb3 Qc7 21. f3
Rxc3 22. Qxc3 Qc6 23. Kf1 f5 24. Ke1 Nd8 25. Kd2 Kf7 26. Na5 Qxc3+ 27. Nxc3 Ndc6
28. Nxc6 Nxc6 29. Kd3 Ke7 30. f4 fxe4+ 31. Nxe4 Nb8 32. Nc3 1/2-1/2

[Event "Druzynowe Mistrzostwa Polski Juniorow - I Liga 2023"]
[Site "Lublin"]
[Date "1899-12-30"]
[Round "2.54"]
[White "Nowak, Emilia"]
[Black "Opala, Natalia"]
[Result "0-1"]
[WhiteTitle "I"]
[BlackTitle "I"]
[WhiteElo "1307"]
[BlackElo "1202"]

1. e4 c5 2. Nf3 d6 3. c3 Nf6 4. Bd3 e6 5. Bc2 Be7 6. d4 O-O 7. O-O Qc7 8. Be3 a6
9. a4 b6 10. d5 Bb7 11. c4 b5 12. axb5 axb5 13. Rxa8 Bxa8 14. b3 b4 15. Qd3 e5
16. Ne1 Nbd7 17. f4 Ng4 18. Bc1 g6 19. Qh3 Ngf6 20. f5 Re8 21. g4 gxf5 22. exf5
Kh8 23. g5 Rg8 24. Kh1 Nxd5 25. cxd5 Bxd5+ 26. Ng2 Bxg5 27. f6 Bxg2+ 28. Qxg2
Bxc1 29. Qe4 Nf8 30. Rxc1 Qd8 31. Rf1 Ng6 32. Qd5 Nf4 33. Qxf7 Qa8+ 0-1

[Event "Druzynowe Mistrzostwa Polski Juniorow - I Liga 2023"]
[Site "Lublin"]
[Date "1899-12-30"]
[Round "2.55"]
[White "Stypka, Sebastian"]
[Black "Lochinski, Pawel"]
[Result "0-1"]
[WhiteTitle "II"]
[BlackTitle "I"]
[WhiteElo "1447"]
[BlackElo "1709"]

1. e4 c5 2. a3 Nc6 3. b4 cxb4 4. axb4 Nxb4 5. c3 Nc6 6. d4 d6 7. d5 Nb8 8. Be3
a6 9. Qb3 Nd7 10. Bb5 Ngf6 11. Nd2 Rb8 12. Bc6 bxc6 13. Qa2 cxd5 14. exd5 g6 15.
Ngf3 Bg7 16. O-O Bb7 17. c4 O-O 18. Rab1 Qc7 19. Nd4 Nc5 20. f3 Nfd7 21. h4 Ne5
22. h5 Ba8 23. Rbd1 Rb6 24. Bg5 Rfb8 25. Qa1 Bb7 26. f4 Ned3 27. f5 Bc8 28. hxg6
hxg6 29. fxg6 fxg6 30. N2f3 Rb2 31. Qa3 Ne5 32. Nxe5 Bxe5 33. Qf3 Bxd4+ 34. Rxd4
Bf5 35. g4 R8b3 36. Qf4 Nd3 37. Rxd3 Rxd3 38. gxf5 Qc5+ 39. Rf2 Rxf2 40. Qxf2
Rg3+ 0-1

[Event "Druzynowe Mistrzostwa Polski Juniorow - I Liga 2023"]
[Site "Lublin"]
[Date "1899-12-30"]
[Round "2.56"]
[White "Grzebieniowski, Michal"]
[Black "Walaszczyk, Mikolaj"]
[Result "1-0"]
[WhiteTitle "I"]
[BlackTitle "II"]
[WhiteElo "1603"]
[BlackElo "1476"]

1. d4 Nf6 2. c4 e6 3. Nf3 b6 4. g3 Bb7 5. Bg2 Bb4+ 6. Bd2 Qe7 7. O-O Bxd2 8. Nbxd2
O-O 9. Qc2 d6 10. e4 e5 11. Rae1 Nbd7 12. d5 a5 13. Nh4 g6 14. f4 exf4 15. Rxf4
Nh5 16. Rff1 Rae8 17. a3 f5 18. exf5 Qxe1 19. Rxe1 Rxe1+ 20. Kf2 Re7 21. Bf3 Ne5
22. h3 Ng7 23. fxg6 hxg6 24. Nxg6 Nxg6 25. Qxg6 Ref7 26. g4 b5 27. Kg3 Rf6 28.
Qg5 bxc4 29. h4 Kf7 30. h5 Rg8 31. Kh3 Nf5 32. Qf4 Ne7 33. Qxc4 Bc8 34. Qc3 Rh6
35. Kh4 Ng6+ 36. Kg5 Ne5+ 37. Kxh6 Kf8 38. Ne4 Rg7 39. Ng5 Bxg4 40. Qb3 Nd7 41.
Bxg4 Nf6 42. Qb8+ Ne8 43. Ne6+ 1-0

[Event "Druzynowe Mistrzostwa Polski Juniorow - I Liga 2023"]
[Site "Lublin"]
[Date "1899-12-30"]
[Round "2.57"]
[White "Zmarzly, Wiktor"]
[Black "Adamczyk, Kacper"]
[Result "1-0"]
[WhiteTitle "I+"]
[BlackTitle "II"]
[WhiteElo "1818"]
[BlackElo "1277"]

1. c4 e5 2. Nc3 Nf6 3. g3 d5 4. cxd5 Nxd5 5. Bg2 Be6 6. Nf3 Nc6 7. O-O Nb6 8. d3
Be7 9. a3 a5 10. Be3 O-O 11. Ne4 Nd5 12. Bc5 f5 13. Bxe7 Qxe7 14. Neg5 a4 15.
Nxe6 Qxe6 16. Rc1 h6 17. Rc5 Rfd8 18. Qc2 e4 19. dxe4 fxe4 20. Nh4 g5 21. Qxe4
Qxe4 22. Bxe4 Nf6 23. Bxc6 bxc6 24. Nf5 Rd2 25. Rxc6 Rxb2 26. Rxf6 Ra2 27. Rc1
Ra7 28. Rd1 Ra8 29. Rd7 Kh8 30. Rg7 Ra1+ 1-0

[Event "Druzynowe Mistrzostwa Polski Juniorow - I Liga 2023"]
[Site "Lublin"]
[Date "1899-12-30"]
[Round "2.58"]
[White "Modzelan, Wojciech"]
[Black "Staniczek, Kacper"]
[Result "0-1"]
[WhiteTitle "II"]
[BlackTitle "I"]
[WhiteElo "1091"]
[BlackElo "1398"]

1. e4 e5 2. Nf3 Nc6 3. Bb5 a6 4. Ba4 d6 5. O-O Bd7 6. c3 g6 7. d4 Bg7 8. h3 h6
9. Re1 Nce7 10. Bc2 g5 11. Nh2 Ng6 12. Be3 N8e7 13. Nd2 O-O 14. Ndf1 f5 15. exf5
Bxf5 16. Ng3 Bxc2 17. Qxc2 Kh8 18. Rad1 Qe8 19. Nf3 Qf7 20. Nh5 Nc6 21. Rd2 Nf4
22. Bxf4 gxf4 23. Nxg7 Qxg7 24. dxe5 Rg8 25. g4 fxg3 26. Kf1 Raf8 27. Re3 gxf2
28. Rxf2 Nxe5 29. Nxe5 Qg1+ 30. Ke2 Rxf2+ 0-1

[Event "Druzynowe Mistrzostwa Polski Juniorow - I Liga 2023"]
[Site "Lublin"]
[Date "1899-12-30"]
[Round "2.59"]
[White "Lach, Alicja"]
[Black "Ziobrowska, Maja"]
[Result "0-1"]
[WhiteTitle "I"]
[BlackTitle "I++"]
[WhiteElo "1164"]
[BlackElo "1759"]

1. e4 e5 2. Nf3 Nc6 3. Bc4 Bc5 4. c3 Nf6 5. d4 exd4 6. e5 Ng4 7. Bxf7+ Kxf7 8.
Ng5+ Ke8 9. Qxg4 Nxe5 10. Qe2 Qe7 11. Ne4 d3 12. Qh5+ g6 13. Qg5 Qxg5 14. Bxg5
Be7 15. Bf4 d6 16. Nbd2 Bf5 17. O-O-O Kf7 18. Rhe1 Rac8 19. f3 h5 20. Nf2 Bf6
21. Nde4 Rhe8 22. Re3 d2+ 23. Nxd2 g5 24. Bxe5 Bxe5 25. g3 h4 26. Nfe4 Kg6 27.
Rde1 hxg3 28. hxg3 Rh8 29. Nxg5 Bxg3 30. Rf1 Kxg5 0-1

[Event "Druzynowe Mistrzostwa Polski Juniorow - I Liga 2023"]
[Site "Lublin"]
[Date "1899-12-30"]
[Round "2.60"]
[White "Mataczyna, Aleksandra"]
[Black "Moczala, Maja"]
[Result "0-1"]
[WhiteTitle "I"]
[BlackTitle "I++"]
[WhiteElo "1166"]
[BlackElo "1651"]

1. e4 c5 2. Nf3 Nc6 3. d4 cxd4 4. Nxd4 Nf6 5. Nc3 d6 6. Be2 e5 7. Nxc6 bxc6 8.
Qd3 Be7 9. Qg3 O-O 10. O-O Be6 11. f4 exf4 12. Bxf4 Kh8 13. Kh1 d5 14. Rad1 Qb6
15. Be5 Rg8 16. Bd3 d4 17. Ne2 c5 18. Nf4 c4 19. Nxe6 Qxe6 20. Be2 Nxe4 21. Qf4
Bf6 22. Qxe4 Bxe5 23. Bxc4 Qxc4 24. Qxe5 Rad8 25. Rf4 Qxc2 26. Rff1 Rge8 27. Qg5
f6 28. Qb5 d3 29. Qb3 Qxb3 30. axb3 Re2 31. Rb1 d2 32. Kg1 Kg8 33. Rfd1 Rde8 34.
Kf1 a5 35. Ra1 Kf7 36. Kg1 Kg6 37. Kf1 Re1+ 38. Rxe1 Rxe1+ 39. Rxe1 dxe1=Q+ 40.
Kxe1 Kf5 41. Kd2 Ke4 42. Kc3 f5 43. Kc4 f4 44. b4 axb4 45. Kxb4 Ke3 46. Kc5 Kf2
47. b4 Kxg2 48. b5 f3 49. b6 f2 50. b7 f1=Q 51. b8=Q Qc1+ 52. Kd5 Qd2+ 53. Kc5
Qg5+ 54. Kd4 Qh4+ 55. Kc5 Qxh2 56. Qb2+ Kh1 57. Qb7+ Qg2 58. Qe7 Qf2+ 59. Kc4
Qf4+ 60. Kd3 Qg3+ 61. Kc4 Qg4+ 62. Kd3 h5 63. Qe1+ Kh2 64. Qf2+ Kh3 65. Qf1+ Kh4
66. Kc2 g5 67. Qh1+ Kg3 68. Qg1+ Kf4 69. Qd4+ Kf3 70. Qd1+ Kf2 71. Qd6 h4 72.
Qc5+ Kg2 73. Qd5+ Kh2 74. Qe5+ Qg3 75. Qf5 h3 76. Kb1 g4 77. Qc2+ Qg2 78. Qc7+
g3 0-1

[Event "Druzynowe Mistrzostwa Polski Juniorow - I Liga 2023"]
[Site "Lublin"]
[Date "1899-12-30"]
[Round "3.1"]
[White "Klim, Filip"]
[Black "Wydmanski, Szymon"]
[Result "0-1"]
[WhiteTitle "k"]
[BlackTitle "I"]
[WhiteElo "1988"]
[BlackElo "1804"]

1. e4 c5 2. Nf3 d6 3. d4 cxd4 4. Nxd4 Nf6 5. Nc3 a6 6. h4 e5 7. Nb3 Be7 8. Bg5
Nbd7 9. a4 h6 10. Be3 b6 11. Bc4 Qc7 12. Qd3 Bb7 13. O-O-O O-O 14. f3 Rfc8 15.
Nd2 Nc5 16. Qe2 b5 17. axb5 axb5 18. Bxb5 d5 19. Bxc5 Ra1+ 20. Ndb1 Qxc5 21. exd5
Nxd5 22. Nxd5 Bxd5 23. Bd3 Qa5 24. c4 Qa2 25. Kc2 Rb8 26. Qxe5 Bd6 27. Qc3 Qa4+
28. Kc1 Bf4+ 29. Rd2 Rb3 30. Qd4 Bxd2+ 31. Kxd2 Qb4+ 32. Kc1 Rxd3 33. Qxd3 Bxc4
34. Qc3 Qa4 35. Re1 Be6 36. Kd2 Qxh4 37. Qe3 Qb4+ 38. Qc3 Qf4+ 39. Qe3 Qxe3+ 40.
Kxe3 Ba2 41. b4 Rxb1 42. Rxb1 Bxb1 43. g4 Kf8 44. Kd4 Ke7 45. Kc5 Kd7 46. Kb6
Bd3 47. b5 Ke6 48. f4 0-1

[Event "Druzynowe Mistrzostwa Polski Juniorow - I Liga 2023"]
[Site "Lublin"]
[Date "1899-12-30"]
[Round "3.2"]
[White "Krupinski, Mikolaj"]
[Black "Bartodziej, Bartosz"]
[Result "0-1"]
[WhiteTitle "I"]
[BlackTitle "I+"]
[WhiteElo "1745"]
[BlackElo "1836"]

1. e4 c5 2. c3 d5 3. exd5 Qxd5 4. d4 Nf6 5. Nf3 Bg4 6. Be2 e6 7. O-O Nc6 8. Be3
cxd4 9. cxd4 Be7 10. Nc3 Qd6 11. h3 Bh5 12. Qb3 O-O 13. Rfd1 Rfd8 14. a3 a6 15.
d5 exd5 16. g4 Bg6 17. g5 Ne4 18. Nxd5 Qe6 19. Qxb7 Bd6 20. Qxc6 Qxh3 21. Nb6
Ng3 22. fxg3 Qxg3+ 23. Kf1 Qh3+ 24. Ke1 Bg3+ 25. Bf2 Qh1+ 26. Bf1 Re8+ 27. Kd2
Be4 28. Qc3 Rad8+ 29. Bd4 Bf4+ 30. Ke1 Bxf3+ 31. Kf2 Re2+ 32. Bxe2 Qg2+ 33. Ke1
Qxe2# 0-1

[Event "Druzynowe Mistrzostwa Polski Juniorow - I Liga 2023"]
[Site "Lublin"]
[Date "1899-12-30"]
[Round "3.3"]
[White "Nawalaniec, Adam"]
[Black "Kania, Franciszek"]
[Result "1-0"]
[WhiteTitle "I++"]
[BlackTitle "I"]
[WhiteElo "1926"]
[BlackElo "1831"]

1. e4 c5 2. Nf3 Nc6 3. d4 cxd4 4. Nxd4 g6 5. c4 Nf6 6. Nc3 d6 7. f3 Nxd4 8. Qxd4
Bg7 9. Be3 O-O 10. Qd2 Qa5 11. Rc1 Be6 12. b3 Rfc8 13. Be2 a6 14. Nd5 Qxd2+ 15.
Kxd2 Bxd5 16. cxd5 Nd7 17. Rhd1 Bb2 18. Rc2 Ba3 19. Bd4 Rxc2+ 20. Kxc2 Rc8+ 21.
Kb1 Kf8 22. Bb2 Bxb2 23. Kxb2 Kg7 24. f4 Rc7 25. h3 h6 26. Bg4 Nc5 27. Rd4 f6
28. Bd1 e5 29. dxe6 Nxe6 30. Rxd6 Nxf4 31. Bf3 g5 32. g3 Ng6 33. Bg4 Ne5 34. Bf5
b5 35. Ka3 Rc6 36. Rxc6 Nxc6 37. Bd7 Ne5 38. Bc8 Nd3 39. Bxa6 b4+ 40. Ka4 Nc5+
41. Kxb4 Nxa6+ 42. Kb5 Nc7+ 43. Kb6 Ne6 44. a4 Kf7 45. a5 Ke7 46. a6 Kd7 47. a7
Nc7 48. Kb7 Kd6 49. b4 Kd7 50. b5 Na8 51. b6 1-0

[Event "Druzynowe Mistrzostwa Polski Juniorow - I Liga 2023"]
[Site "Lublin"]
[Date "1899-12-30"]
[Round "3.4"]
[White "Gruca, Karol"]
[Black "Klim, Juliusz"]
[Result "1-0"]
[WhiteTitle "II+"]
[BlackTitle "I+"]
[WhiteElo "1484"]
[BlackElo "1708"]

1. e4 c5 2. Nf3 d6 3. d4 cxd4 4. Nxd4 Nf6 5. Nc3 a6 6. f3 e5 7. Nb3 Be6 8. Be3
Be7 9. Qd2 O-O 10. O-O-O Nbd7 11. g4 b5 12. g5 Nh5 13. Nd5 Bxd5 14. exd5 f6 15.
gxf6 Bxf6 16. Na5 Qe8 17. Nc6 Bd8 18. Be2 Bb6 19. Kb1 Rc8 20. Rhf1 Qf7 21. Bg5
Kh8 22. Be7 Rfe8 23. Bxd6 Nf4 24. Bb4 Nf6 25. a4 N6xd5 26. axb5 Be3 27. Qe1 Ng2
28. Qg3 Rxc6 29. bxc6 Nxb4 30. b3 Nf4 31. Bc4 Qf5 32. Rf2 e4 33. fxe4 Qxe4 34.
c7 Bxf2 35. Qxf2 Ne2 36. Qxe2 Qxe2 37. Bxe2 Nc6 38. Bxa6 Na7 39. Rd8 1-0

[Event "Druzynowe Mistrzostwa Polski Juniorow - I Liga 2023"]
[Site "Lublin"]
[Date "1899-12-30"]
[Round "3.5"]
[White "Sprzeczka, Emilia"]
[Black "Bar, Klaudia"]
[Result "1-0"]
[WhiteTitle "I++"]
[BlackTitle "I++"]
[WhiteElo "1769"]
[BlackElo "1840"]

1. e4 c5 2. c3 d5 3. exd5 Qxd5 4. d4 Nc6 5. Nf3 Bf5 6. Be3 Nf6 7. dxc5 Qxd1+ 8.
Kxd1 O-O-O 9. Nbd2 Nd5 10. Rc1 e5 11. b4 f6 12. Ke1 Nxe3 13. fxe3 Bd3 14. Bxd3
Rxd3 15. Ke2 Rd7 16. Nc4 Be7 17. g4 Nd8 18. Nfd2 Nf7 19. Ne4 Rhd8 20. a4 Kc7 21.
Rc2 Kc6 22. b5+ Kd5 23. Ncd2 Rc8 24. c4+ Ke6 25. Nb3 Rdc7 26. Rd1 f5 27. gxf5+
Kxf5 28. Rf1+ Ke6 29. Rd2 Rd8 30. Rfd1 Rxd2+ 31. Rxd2 Kf5 32. Ng3+ Ke6 33. Nh5
Bf8 34. Rd5 Ng5 35. Ng3 Kf6 36. Kd3 Nf3 37. h3 Ng5 38. Ne4+ Nxe4 39. Kxe4 Re7
40. Nc1 g6 41. Nd3 Bh6 42. Rxe5 Rxe5+ 43. Nxe5 Ke6 44. c6 bxc6 45. Nxc6 Kd6 46.
Nxa7 1-0

[Event "Druzynowe Mistrzostwa Polski Juniorow - I Liga 2023"]
[Site "Lublin"]
[Date "1899-12-30"]
[Round "3.6"]
[White "Branka, Julia"]
[Black "Izafatava, Kira"]
[Result "1-0"]
[WhiteTitle "I"]
[BlackTitle "I"]
[WhiteElo "1433"]
[BlackElo "1423"]

1. d4 d5 2. c4 e6 3. Nc3 a6 4. Bf4 dxc4 5. e3 b5 6. a4 b4 7. Na2 Bb7 8. Nf3 Bd5
9. Qd2 Nc6 10. Be2 Nf6 11. h3 Ne4 12. Qd1 Na5 13. Nc1 b3 14. O-O c3 15. Nd3 Nc4
16. bxc3 b2 17. Nxb2 Nxb2 18. Qc2 Rb8 19. Rfb1 Nxa4 20. Qxa4+ Ke7 21. Qxa6 Rxb1+
22. Rxb1 Kf6 23. Bd3 h6 24. c4 Ba8 25. Qa5 Be7 26. Qe5+ 1-0